| 000 | 00314nam a22001097a 4500 | ||
|---|---|---|---|
| 008 | 160428b xxu||||| |||| 00| 0 eng d | ||
| 020 | _a9781449651749 | ||
| 041 | _aeng | ||
| 080 | _a618.2 | ||
| 245 |
_aPsychiatric mental realth nursing; _cPatricia G.O' Brien; Winifred Z. Kennedy; Karen A. Ballard; |
||
| 942 |
_2udc _cBK |
||
| 999 |
_c1665 _d1665 |
||